Sexuality & gender for mental health professionals: a practical guide

Saved in:
Bibliographic Details
Main Author: RICHARDS, Christina
Format: Book
Language:English
Published: Sage 2013
Tags: Add Tag
No Tags, Be the first to tag this record!

MARC

LEADER 00000nam a22000007a 4500
008 210122b ||||| |||| 00| 0 eng d
020 |a 978-0-85702-843-3 
100 |a RICHARDS, Christina. 
245 |a Sexuality & gender for mental health professionals:   |b a practical guide  |c Christina Richards & Meg Barker  |g 246p. 
260 |b Sage  |c 2013  |h Los Angeles:   |i 692733  |i 692734  |l BF692 .R39  |m Sex (Psychology).  |m Sexual behaviour psychology.  |m Transgender persons – Psychology.  |m Sex (Psychology). 
500 |a “It includes index.” 
942 |a lcc  |c BK  |e Adeniran, F. A  |f 22/01/2021 
952 |0 0  |1 0  |2 lcc  |4 0  |6 BF0692 R39  |7 0  |9 1574  |a HOL  |b ED  |c AF  |d 2021-01-22  |l 0  |o BF692 .R39  |p 2021-0362  |r 2021-01-22 00:00:00  |w 2021-01-22  |y BK 
952 |0 0  |1 0  |2 lcc  |4 0  |6 BF0692 R39  |7 0  |9 1575  |a HOL  |b HOL  |c AF  |d 2021-01-22  |l 0  |o BF692 .R39  |p 2021-0363  |r 2021-01-22 00:00:00  |w 2021-01-22  |y BK 
999 |c 830  |d 830